[Event "Open Letni Praha 2017 - A"]
[Site "?"]
[Date "2017.08.10"]
[Round "8"]
[White "Egorov, Konstantin"]
[Black "Hoefelsauer, Thomas"]
[Result "1/2-1/2"]
[WhiteElo "2180"]
[BlackElo "2357"]
[PlyCount "67"]
[EventDate "2017.??.??"]
[WhiteClock "0:01:33"]
[BlackClock "0:05:01"]

1. e4 c6 2. d4 d5 3. exd5 cxd5 4. c4 Nf6 5. Nc3 g6 6. Qb3 Bg7 7. cxd5 O-O 8.
Be2 Na6 9. Bf3 Qb6 10. Nge2 Qxb3 11. axb3 Nb4 12. O-O Rd8 13. d6 Rxd6 14. Bf4
Rd8 15. Nb5 Nfd5 16. Bd2 a6 17. Nc7 Nxc7 18. Bxb4 Nd5 19. Ba5 Rd6 20. Nc3 Nf4
21. Bc7 Rxd4 22. Bxf4 Rxf4 23. Nd5 Rd4 24. Nxe7+ Kf8 25. Nxc8 Rxc8 26. Bxb7 Rc2
27. Bxa6 Rdd2 28. Rad1 Rxb2 29. Rxd2 Rxd2 30. g4 Bd4 31. Kg2 g5 32. Bc4 Bc5 33.
Kg3 h6 34. Kf3 1/2-1/2

[Event "Open Letni Praha 2017 - A"]
[Site "?"]
[Date "2017.08.10"]
[Round "8"]
[White "Richterova, Natasa"]
[Black "Aliyev, Ravan"]
[Result "1/2-1/2"]
[WhiteElo "2172"]
[BlackElo "2346"]
[PlyCount "69"]
[EventDate "2017.??.??"]
[WhiteClock "0:04:03"]
[BlackClock "0:02:03"]

1. e4 e6 2. d4 d5 3. Nd2 a6 4. Ngf3 c5 5. exd5 exd5 6. Be2 Nf6 7. O-O cxd4 8.
Re1 Be7 9. Nxd4 O-O 10. c3 Nc6 11. N2f3 Bc5 12. h3 Re8 13. Be3 Ne4 14. Qd3 Qf6
15. Rad1 Qg6 16. Nh4 Qf6 17. Nhf3 Ba7 18. Bf1 Bd7 19. Nc2 Bf5 20. Qe2 Ng3 21.
fxg3 Bxc2 22. Qxc2 Bxe3+ 23. Kh2 d4 24. Bd3 dxc3 25. bxc3 g6 26. Be4 Bc5 27.
Rf1 Re7 28. Nd4 Qg5 29. Nxc6 bxc6 30. Bxc6 Rc8 31. Rd5 Qe3 32. Rd3 Qe5 33. Rd5
Qe3 34. Rd3 Qe5 35. Rd5 1/2-1/2

[Event "Open Letni Praha 2017 - A"]
[Site "?"]
[Date "2017.08.10"]
[Round "8"]
[White "Soural, Jan"]
[Black "Chkhaidze, Nikoloz"]
[Result "1-0"]
[WhiteElo "2163"]
[BlackElo "2341"]
[PlyCount "73"]
[EventDate "2017.??.??"]
[WhiteClock "0:02:49"]
[BlackClock "0:01:51"]

1. d4 Nf6 2. c4 c6 3. Nf3 d5 4. e3 Bg4 5. h3 Bh5 6. Nc3 e6 7. Qb3 Qb6 8. Ne5
Nbd7 9. g4 Bg6 10. Nxg6 hxg6 11. Bg2 Bb4 12. Bd2 a5 13. O-O Qc7 14. f3 Nb6 15.
cxd5 exd5 16. a3 Nc4 17. Be1 Bd6 18. Ne2 O-O 19. e4 Bf4 20. e5 Be3+ 21. Kh1 Nd7
22. f4 Bd2 23. Bg3 a4 24. Qc2 Ba5 25. Rf3 Qb6 26. f5 Rae8 27. b4 axb3 28. Rxb3
Qa6 29. fxg6 fxg6 30. Qxg6 Ncxe5 31. dxe5 Qxe2 32. Rxb7 Rd8 33. Qxc6 Rf7 34. e6
Rf6 35. Rxd7 Rdf8 36. Qxd5 Rf1+ 37. Rxf1 1-0

[Event "Open Letni Praha 2017 - A"]
[Site "?"]
[Date "2017.08.10"]
[Round "8"]
[White "Egorov, Pavel"]
[Black "Petran, Peter"]
[Result "1-0"]
[WhiteElo "2205"]
[BlackElo "2308"]
[PlyCount "45"]
[EventDate "2017.??.??"]
[WhiteClock "0:36:27"]
[BlackClock "0:27:30"]

1. d4 g6 2. c4 Bg7 3. Nc3 d6 4. e4 Nc6 5. d5 Nd4 6. Be3 c5 7. Nge2 Nxe2 8. Bxe2
Nf6 9. f3 e6 10. dxe6 Bxe6 11. Qd2 O-O 12. O-O-O Qa5 13. Bh6 Rfd8 14. Bxg7 Kxg7
15. h4 Rd7 16. h5 Qd8 17. g4 a6 18. hxg6 fxg6 19. Qh6+ Kg8 20. g5 Nh5 21. Rxh5
gxh5 22. Qxe6+ Kh8 23. f4 1-0

[Event "Open Letni Praha 2017 - A"]
[Site "?"]
[Date "2017.08.10"]
[Round "8"]
[White "Kulkarni, Bhakti"]
[Black "Baasansuren, Erdene"]
[Result "1/2-1/2"]
[WhiteElo "2291"]
[BlackElo "2169"]
[PlyCount "67"]
[EventDate "2017.??.??"]
[WhiteClock "0:08:44"]
[BlackClock "0:02:01"]

1. d4 Nf6 2. Nf3 g6 3. Bg5 Bg7 4. Nbd2 d6 5. e4 O-O 6. Bc4 Nxe4 7. Nxe4 d5 8.
Bd3 dxe4 9. Bxe4 c5 10. c3 cxd4 11. Nxd4 h6 12. Be3 Nd7 13. O-O a6 14. Bf3 Qc7
15. Be2 Nc5 16. Qc1 Kh7 17. f4 e5 18. fxe5 Qxe5 19. Bf4 Qe7 20. Qc2 Ne6 21.
Nxe6 Bxe6 22. Bf3 Bd5 23. Rfe1 Qc5+ 24. Qf2 Qc6 25. Rad1 Rad8 26. Bxd5 Rxd5 27.
Rxd5 Qxd5 28. Qf3 Qb5 29. Qe2 Qc6 30. h3 Rd8 31. Kh1 Rd7 32. Qe3 Qb5 33. Qf2
Qf5 34. Qe3 1/2-1/2

[Event "Open Letni Praha 2017 - A"]
[Site "?"]
[Date "2017.08.10"]
[Round "8"]
[White "Slovak, Kilian"]
[Black "Hollan, Petr"]
[Result "1-0"]
[WhiteElo "2101"]
[BlackElo "2273"]
[PlyCount "55"]
[EventDate "2017.??.??"]
[WhiteClock "0:05:26"]
[BlackClock "0:00:37"]

1. e4 e5 2. Nf3 Nc6 3. Bb5 a6 4. Ba4 Nf6 5. O-O Be7 6. Re1 b5 7. Bb3 O-O 8. h3
Bb7 9. d3 d5 10. exd5 Nxd5 11. Nxe5 Nd4 12. Nd2 c5 13. Ne4 Nxb3 14. axb3 Qc7
15. Nf3 h6 16. d4 cxd4 17. Nxd4 Qd7 18. Ng3 Bf6 19. Nh5 Be7 20. Nxg7 Kxg7 21.
Qh5 Rh8 22. Nf5+ Kf8 23. Bxh6+ Ke8 24. Rad1 Qc6 25. Qg5 f6 26. Rxe7+ Kd8 27.
Qg7 Re8 28. Rxe8+ 1-0

[Event "Open Letni Praha 2017 - A"]
[Site "?"]
[Date "2017.08.10"]
[Round "8"]
[White "Nitish, Belurkar"]
[Black "Vrecion, Jiri"]
[Result "1-0"]
[WhiteElo "2269"]
[BlackElo "1979"]
[PlyCount "51"]
[EventDate "2017.??.??"]
[WhiteClock "0:42:02"]
[BlackClock "0:12:02"]

1. e4 e6 2. Nf3 d5 3. e5 c5 4. b4 cxb4 5. d4 Nc6 6. a3 Bd7 7. axb4 b5 8. c3
Nge7 9. Bd3 a5 10. Na3 Qb8 11. Nxb5 Nxe5 12. Nxe5 Bxb5 13. bxa5 f6 14. Rb1 fxe5
15. Bxb5+ Kf7 16. Qf3+ Kg8 17. O-O Rxa5 18. Bd7 Qd6 19. Be8 Nf5 20. Rb7 Be7 21.
dxe5 Qd8 22. Bd7 Ra6 23. Bxe6+ Rxe6 24. Qxf5 Rc6 25. Bg5 Qc8 26. Qxc8+ 1-0

[Event "Open Letni Praha 2017 - A"]
[Site "?"]
[Date "2017.08.10"]
[Round "8"]
[White "Certek, Pavel"]
[Black "Pranav, Anand"]
[Result "1/2-1/2"]
[WhiteElo "2287"]
[BlackElo "2155"]
[PlyCount "90"]
[EventDate "2017.??.??"]
[WhiteClock "0:26:52"]
[BlackClock "0:19:45"]

1. d4 Nf6 2. Nf3 e6 3. e3 d5 4. c4 b6 5. Nc3 Bb7 6. Bd3 Nbd7 7. O-O Bd6 8. Qe2
O-O 9. e4 dxc4 10. Bxc4 e5 11. d5 a6 12. Bb3 Nc5 13. Bc2 Bc8 14. h3 a5 15. Re1
Ba6 16. Qd1 Qe7 17. Nh2 h6 18. Re3 Kh8 19. Rg3 b5 20. Qf3 b4 21. Nd1 Nh7 22.
Qh5 Nf6 23. Qf3 Nh7 24. Nf1 Rab8 25. b3 Ra8 26. Rb1 Bb5 27. Bd2 Rab8 28. Nde3
Ng5 29. Qh5 Ncxe4 30. Bxe4 Nxe4 31. Rxg7 Qf6 32. Rg4 Nxf2 33. Rh4 Bd3 34. Rc1
Qg6 35. Qxh6+ Qxh6 36. Rxh6+ Kg7 37. Rxd6 Nxh3+ 38. gxh3 cxd6 39. Rc6 Rfd8 40.
Ng3 Kg6 41. Ng4 f6 42. h4 Rbc8 43. Rb6 Rb8 44. Rc6 Rbc8 45. Rb6 Rb8 1/2-1/2

[Event "Open Letni Praha 2017 - A"]
[Site "?"]
[Date "2017.08.10"]
[Round "8"]
[White "Toman, Ondrej"]
[Black "Mammadova, Narmin"]
[Result "1-0"]
[WhiteElo "2187"]
[BlackElo "2277"]
[PlyCount "91"]
[EventDate "2017.??.??"]
[WhiteClock "0:34:15"]
[BlackClock "0:26:39"]

1. e4 e6 2. d3 d5 3. Nd2 c5 4. g3 Nf6 5. Bg2 g6 6. Ngf3 Bg7 7. O-O O-O 8. Re1
Nc6 9. c3 a5 10. a4 b6 11. exd5 Nxd5 12. Nb3 Bb7 13. d4 cxd4 14. Nbxd4 Nxd4 15.
Nxd4 Rc8 16. Nb5 Ba8 17. Be3 Qd7 18. Bd4 f6 19. Qb3 Kh8 20. Rad1 Qc6 21. Na7
Qc4 22. Qxc4 Rxc4 23. Rxe6 Rxa4 24. Bxb6 Nxb6 25. Rxb6 Bxg2 26. Kxg2 f5 27. Kf3
g5 28. h3 g4+ 29. Kg2 f4 30. hxg4 fxg3 31. f3 Be5 32. Nc6 Bf4 33. Rd8 Rxd8 34.
Nxd8 Kg8 35. Ne6 Be3 36. Rb7 Bf2 37. f4 Ra1 38. g5 Rg1+ 39. Kf3 Re1 40. f5 Re3+
41. Kg2 Re2 42. Rg7+ Kh8 43. Rf7 Bc5+ 44. Kxg3 Bd6+ 45. Kf3 Rxb2 46. Rd7 1-0

[Event "Open Letni Praha 2017 - A"]
[Site "?"]
[Date "2017.08.10"]
[Round "8"]
[White "French, Max"]
[Black "Schmitz, Thorsten"]
[Result "1/2-1/2"]
[WhiteElo "1968"]
[BlackElo "2273"]
[PlyCount "120"]
[EventDate "2017.??.??"]
[WhiteClock "0:45:15"]
[BlackClock "0:16:08"]

1. d4 Nf6 2. c4 g6 3. Nc3 Bg7 4. e4 d6 5. Be2 O-O 6. Be3 Na6 7. h3 c5 8. d5 e6
9. Nf3 exd5 10. cxd5 b5 11. Bxb5 Nxe4 12. Nxe4 Qa5+ 13. Nfd2 Qxb5 14. Nxd6 Qd3
15. N2c4 Nb4 16. Qxd3 Nxd3+ 17. Kd2 Nxb2 18. Nxb2 Bxb2 19. Rab1 Bg7 20. Nxc8
Raxc8 21. Kc2 Rfd8 22. Rb7 a6 23. Rd1 Bd4 24. Ra7 Rxd5 25. Rxa6 Rb8 26. Bxd4
cxd4 27. Rd2 Rdb5 28. Kd3 Rb2 29. Rc6 Rxd2+ 30. Kxd2 Ra8 31. Rc2 Ra3 32. Kc1
Kg7 33. Kb2 Ra7 34. Rc4 Rd7 35. Kc2 Kf6 36. Kd3 Ke5 37. f4+ Ke6 38. Rxd4 Rb7
39. Ke3 Rb2 40. Rd2 Rb4 41. a3 Ra4 42. Rd3 h5 43. g3 Rc4 44. h4 Kf5 45. Kd2 Kg4
46. Rc3 Ra4 47. Kc2 Ra8 48. Kb3 Rb8+ 49. Ka4 Ra8+ 50. Kb5 Rb8+ 51. Ka5 Ra8+ 52.
Kb6 Kh3 53. Kb7 Ra4 54. Kc6 Ra8 55. Kd5 Kg4 56. Ke5 Ra6 57. Rb3 Kh3 58. Kd5 Kg4
59. Kc5 Ra8 60. Kc6 Kh3 1/2-1/2

[Event "Open Letni Praha 2017 - A"]
[Site "?"]
[Date "2017.08.10"]
[Round "8"]
[White "Drahorad, Daniel"]
[Black "Matras, Ondrej"]
[Result "0-1"]
[WhiteElo "1925"]
[BlackElo "2264"]
[PlyCount "66"]
[EventDate "2017.??.??"]
[WhiteClock "0:47:23"]
[BlackClock "0:11:36"]

1. e4 g6 2. Nc3 Bg7 3. f4 e6 4. Nf3 d5 5. d4 dxe4 6. Nxe4 Ne7 7. Bc4 O-O 8. O-O
b6 9. c3 Bb7 10. Qe2 Nd7 11. Neg5 Bd5 12. Bd2 h6 13. Ne4 Nf5 14. g4 Bxe4 15.
Qxe4 Nf6 16. Qe2 Nxg4 17. Ne5 Nxe5 18. fxe5 c5 19. dxc5 bxc5 20. Rad1 Qc7 21.
Rfe1 Rad8 22. Bd3 Ne7 23. Bf4 Rd7 24. Bb5 Rxd1 25. Rxd1 Rd8 26. Rxd8+ Qxd8 27.
a4 Nf5 28. Bc6 g5 29. Bd2 Qc7 30. Bf3 Bxe5 31. a5 c4 32. a6 Bd6 33. Bb7 Qb6+
0-1

[Event "Open Letni Praha 2017 - A"]
[Site "?"]
[Date "2017.08.10"]
[Round "8"]
[White "Pribyl, Viktor"]
[Black "Pauly, Carlo"]
[Result "0-1"]
[WhiteElo "1906"]
[BlackElo "2261"]
[PlyCount "58"]
[EventDate "2017.??.??"]
[WhiteClock "0:14:12"]
[BlackClock "0:56:01"]

1. d4 Nf6 2. Bf4 g6 3. e3 Bg7 4. Nf3 O-O 5. Be2 d6 6. h3 c5 7. c3 b6 8. O-O Bb7
9. Nbd2 Nbd7 10. Bh2 a6 11. a4 Ra7 12. b4 cxb4 13. cxb4 Qa8 14. Qb3 Ne4 15.
Nxe4 Bxe4 16. Ne1 Rc7 17. Bf3 Nf6 18. Qb2 Rfc8 19. Bxe4 Nxe4 20. f3 Nc3 21. Rf2
Rc4 22. Nc2 Qc6 23. a5 Na4 24. Qb3 b5 25. Ra2 Nc3 26. Na3 Nxa2 27. Nxc4 Nc1 28.
Qa3 Qxc4 29. Rf1 Ne2+ 0-1

[Event "Open Letni Praha 2017 - A"]
[Site "Praha"]
[Date "2017.08.10"]
[Round "8"]
[White "Vanek, Ladislav"]
[Black "Kaderabek, Jiri"]
[Result "1-0"]
[WhiteElo "2235"]
[BlackElo "2120"]
[PlyCount "89"]
[EventDate "2017.08.04"]

1. d4 d5 2. Bf4 Nf6 3. e3 c5 4. c3 Nc6 5. Nf3 e6 6. Nbd2 Nh5 7. Be5 Nf6 8. Bd3
Bd6 9. O-O O-O 10. Qe2 cxd4 11. exd4 Bxe5 12. dxe5 Ne8 13. Nb3 f5 14. exf6 Qxf6
15. Rae1 Nc7 16. Nbd4 Bd7 17. Ne5 Qxe5 18. Qxe5 Nxe5 19. Rxe5 Rf6 20. Rfe1 a5
21. g3 Kf7 22. f4 g6 23. h4 Na6 24. Bxa6 Rxa6 25. Kf2 b5 26. Ke3 h5 27. Nb3 Ke7
28. Kd4 Kd6 29. Nc5 Ra7 30. b3 Rc7 31. Nd3 a4 32. R5e3 axb3 33. axb3 Ra7 34.
Ne5 Ra3 35. b4 Ra2 36. Nxd7 Kxd7 37. Kc5 d4 38. Kxd4 Ra6 39. Rd3 Rc6 40. Ra1
Rf5 41. Ra7+ Rc7 42. Rxc7+ Kxc7 43. c4 bxc4 44. Kxc4 Kc6 45. Re3 1-0

[Event "Open Letni Praha 2017 - A"]
[Site "Praha"]
[Date "2017.08.10"]
[Round "8"]
[White "Mukashev, Assan"]
[Black "Pulpan, Matej"]
[Result "1-0"]
[WhiteElo "2199"]
[BlackElo "2054"]
[PlyCount "25"]
[EventDate "2017.08.04"]

1. d4 Nf6 2. Nf3 g6 3. c4 Bg7 4. Nc3 O-O 5. Bg5 d6 6. e3 Nc6 7. Be2 Bf5 8. O-O
h6 9. Bf4 g5 10. Bg3 Nd7 11. h4 f6 12. d5 Nce5 13. Nd4 1-0

[Event "Open Letni Praha 2017 - A"]
[Site "Praha"]
[Date "2017.08.10"]
[Round "8"]
[White "Nehyba, Martin"]
[Black "Gokhale, Chandrashekhar"]
[Result "0-1"]
[WhiteElo "1875"]
[BlackElo "2197"]
[PlyCount "68"]
[EventDate "2017.08.04"]

1. e4 d6 2. d4 Nf6 3. Bd3 e5 4. dxe5 dxe5 5. Bg5 Be7 6. Nc3 c6 7. Nge2 Nbd7 8.
O-O h6 9. Bh4 g5 10. Bg3 Nh5 11. Kh1 Qc7 12. f3 Nc5 13. Bf2 Be6 14. g4 Nf4 15.
Nxf4 gxf4 16. Kg2 h5 17. h3 O-O-O 18. Qe2 Nxd3 19. cxd3 Qa5 20. Rad1 Bc5 21.
Bxc5 Qxc5 22. Qf2 Qe7 23. Rh1 Kb8 24. d4 hxg4 25. hxg4 Rxh1 26. Kxh1 exd4 27.
Ne2 c5 28. Nxf4 Bxa2 29. b4 Bb3 30. Rb1 c4 31. Nd5 Qe5 32. Kg2 a6 33. Rb2 Rh8
34. Qg1 c3 0-1

[Event "Open Letni Praha 2017 - A"]
[Site "Praha"]
[Date "2017.08.10"]
[Round "8"]
[White "Haag, Martin"]
[Black "Battesti, Saveriu"]
[Result "1-0"]
[WhiteElo "2263"]
[BlackElo "2034"]
[PlyCount "73"]
[EventDate "2017.08.04"]

1. c4 Nf6 2. Nc3 g6 3. e4 d6 4. d4 Bg7 5. f4 O-O 6. Nf3 Na6 7. Bd3 e5 8. fxe5
dxe5 9. d5 Nc5 10. Bc2 a5 11. O-O Qd6 12. Kh1 Nh5 13. Rb1 Bg4 14. a3 a4 15.
Bxa4 Rxa4 16. Nxa4 Nxe4 17. Qe1 b5 18. cxb5 Qxd5 19. Nc3 Qd3 20. Be3 Nxc3 21.
bxc3 f5 22. Bc5 Re8 23. Qd2 Nf4 24. Qa2+ Kh8 25. Rfd1 Qe4 26. Ng5 Qxg2+ 27.
Qxg2 Nxg2 28. Kxg2 e4 29. Rd8 Rxd8 30. Nf7+ Kg8 31. Nxd8 Bxc3 32. Ne6 Be5 33.
h3 Be2 34. Bd4 Bd6 35. a4 Bd3 36. Rc1 f4 37. Rxc7 1-0

[Event "Open Letni Praha 2017 - A"]
[Site "Praha"]
[Date "2017.08.10"]
[Round "8"]
[White "Montero Campuzano, Rafael"]
[Black "Anaskin, Arsenij"]
[Result "0-1"]
[WhiteElo "2011"]
[BlackElo "2188"]
[PlyCount "118"]
[EventDate "2017.08.04"]

1. e4 d6 2. d4 Nf6 3. Nc3 Nbd7 4. Be3 e5 5. Nf3 Be7 6. h3 O-O 7. Qd2 c6 8.
O-O-O b5 9. Bd3 a5 10. g4 a4 11. Ne2 b4 12. b3 Qa5 13. Kb1 Ba6 14. Nc1 axb3 15.
cxb3 Bxd3+ 16. Qxd3 d5 17. Nd2 c5 18. exd5 cxd4 19. d6 Bxd6 20. Nc4 Qd5 21.
Nxd6 Qxd6 22. f4 Nd5 23. fxe5 Nxe5 24. Qxd4 Nc3+ 25. Ka1 Qa6 26. Rd2 Nf3 27.
Qxb4 Nxd2 28. Qxc3 Ne4 29. Qd3 Qxd3 30. Nxd3 Nc3 31. a4 Rfe8 32. Bc5 Rab8 33.
Nb4 Ne4 34. Nc6 Nxc5 35. Nxb8 Rxb8 36. Ka2 Kf8 37. Rc1 Na6 38. Ka3 Ke7 39. Rc4
Kd6 40. Rf4 f6 41. b4 Re8 42. Rd4+ Kc7 43. a5 Re1 44. Ka4 Ra1+ 45. Kb5 Nb8 46.
Re4 Ra3 47. h4 g5 48. h5 Kd6 49. Re8 Nc6 50. Rf8 Rf3 51. Kb6 Nxb4 52. Rf7 Nd5+
53. Kb7 Rb3+ 54. Ka7 h6 55. a6 Ke6 56. Rh7 Ne7 57. Ka8 Nc6 58. Rh8 Rb6 59. a7
Rb4 0-1

[Event "Open Letni Praha 2017 - A"]
[Site "Praha"]
[Date "2017.08.10"]
[Round "8"]
[White "Haase, Pavel"]
[Black "Pribylova, Sofie"]
[Result "1-0"]
[WhiteElo "2177"]
[BlackElo "2003"]
[PlyCount "77"]
[EventDate "2017.08.04"]

1. f4 d5 2. Nf3 Bf5 3. e3 e6 4. Be2 Nf6 5. O-O Bc5 6. d4 Bd6 7. Ne5 h6 8. c4
O-O 9. Qb3 b6 10. cxd5 exd5 11. Nc3 c6 12. Bd2 Ne4 13. Be1 Nxc3 14. bxc3 Be4
15. Bf3 Bxe5 16. fxe5 Bd3 17. Rf2 Nd7 18. Qd1 Bc4 19. e4 Qe7 20. Qa4 Rfc8 21.
Bd2 Nf8 22. Bh5 b5 23. Qc2 dxe4 24. Qxe4 Rc7 25. a4 Rb7 26. Qxc6 Rd8 27. axb5
Bxb5 28. Qe4 Bc4 29. Be2 Bd5 30. Qg4 Be6 31. Qg3 Kh8 32. Bd3 Nd7 33. Be4 Rc7
34. Re1 Nb6 35. Bxh6 gxh6 36. Rf6 Qf8 37. Qh4 Qg7 38. Rxh6+ Kg8 39. Bh7+ 1-0

[Event "Open Letni Praha 2017 - A"]
[Site "Praha"]
[Date "2017.08.10"]
[Round "8"]
[White "Bjornsson, Tomas"]
[Black "Baysarsaikhan, Yanjinlkham"]
[Result "1-0"]
[WhiteElo "2169"]
[BlackElo "1988"]
[PlyCount "53"]
[EventDate "2017.08.04"]

1. e4 c5 2. Nf3 d6 3. d4 cxd4 4. Nxd4 Nf6 5. Nc3 a6 6. Bg5 Nbd7 7. Qd2 b5 8. f3
Bb7 9. O-O-O e6 10. g4 Be7 11. h4 Rc8 12. Bd3 Qc7 13. Kb1 Nb6 14. Nce2 Nc4 15.
Bxc4 Qxc4 16. Ng3 b4 17. Nh5 Nxh5 18. Bxe7 Ng3 19. Bxd6 Nxh1 20. Qg5 Rc7 21.
Qxg7 Nf2 22. Qxh8+ Kd7 23. Bxc7 Kxc7 24. Rc1 f5 25. Qe5+ Kd7 26. gxf5 exf5 27.
Nxf5 1-0

[Event "Open Letni Praha 2017 - A"]
[Site "Praha"]
[Date "2017.08.10"]
[Round "8"]
[White "Maza Lopez De Los M, Santiago"]
[Black "Hiller, Simon"]
[Result "1/2-1/2"]
[WhiteElo "1994"]
[BlackElo "2164"]
[PlyCount "60"]
[EventDate "2017.08.04"]

1. e4 c6 2. Nc3 d5 3. Nf3 Nf6 4. exd5 cxd5 5. d4 g6 6. Bf4 Bg7 7. Qd2 O-O 8. h4
Bf5 9. Ne5 Nc6 10. f3 Nd7 11. Nxc6 bxc6 12. g4 Be6 13. Bh6 f6 14. Bxg7 Kxg7 15.
O-O-O Nb6 16. Re1 Bf7 17. Bd3 Qd6 18. g5 Rab8 19. b3 a5 20. h5 gxh5 21. Reg1 f5
22. g6 hxg6 23. Rxh5 Rh8 24. Rxf5 Kf8 25. Qg5 Ke8 26. Re5 Rh5 27. Qg3 Nd7 28.
Rg5 Rxg5 29. Qxg5 Nf8 30. Na4 Rb4 1/2-1/2

[Event "Open Letni Praha 2017 - A"]
[Site "Praha"]
[Date "2017.08.10"]
[Round "8"]
[White "Lushnikov, Evgeny"]
[Black "Sprenar, Petr"]
[Result "0-1"]
[WhiteElo "2121"]
[BlackElo "1999"]
[PlyCount "88"]
[EventDate "2017.08.04"]

1. e4 c5 2. Nf3 d6 3. Bb5+ Nd7 4. O-O a6 5. Bd3 Ngf6 6. c4 e6 7. Nc3 Be7 8. Bc2
Ne5 9. Ba4+ Bd7 10. Bxd7+ Nfxd7 11. Nxe5 dxe5 12. Qg4 O-O 13. d3 Bf6 14. Be3
Qe7 15. Ne2 Rad8 16. Ng3 g6 17. Bh6 Bg7 18. Bxg7 Kxg7 19. f4 f5 20. Qf3 exf4
21. Qxf4 g5 22. Qd2 f4 23. Qc3+ Kg6 24. Ne2 Qf6 25. Qb3 Ne5 26. Rad1 Ng4 27.
Rde1 Rd7 28. h3 Ne5 29. Nc1 Rfd8 30. Rd1 h5 31. Qc2 Nc6 32. h4 Ne5 33. hxg5
Qxg5 34. Rd2 f3 35. Rdf2 Qg3 36. Rxf3 Nxf3+ 37. Rxf3 Qe5 38. Kh1 Rf7 39. Ne2
Rxf3 40. gxf3 Qg5 41. f4 Qh4+ 42. Kg2 Rg8 43. Ng3 Qxf4 44. Qe2 Kf6 0-1

[Event "Open Letni Praha 2017 - A"]
[Site "Praha"]
[Date "2017.08.10"]
[Round "8"]
[White "Krivanek, Vladimir"]
[Black "Patil, Mitali Madhukar"]
[Result "1-0"]
[WhiteElo "2107"]
[BlackElo "1959"]
[PlyCount "143"]
[EventDate "2017.08.04"]

1. Nc3 d5 2. e4 d4 3. Nce2 e5 4. Ng3 Be6 5. Nf3 Bd6 6. c3 c5 7. Qa4+ Nd7 8. Bc4
Bxc4 9. Qxc4 Nb6 10. Qb5+ Qd7 11. Nf5 Bf8 12. c4 Qxb5 13. cxb5 g6 14. Ng3 Bd6
15. b3 c4 16. bxc4 Nxc4 17. d3 Nb6 18. Ke2 a6 19. bxa6 Rxa6 20. Bd2 Nf6 21.
Rhb1 O-O 22. a4 Nxa4 23. Rxb7 Rb8 24. Rxb8+ Bxb8 25. Bb4 Nd7 26. Nf1 f6 27.
N3d2 Nac5 28. Rxa6 Nxa6 29. Ba3 Ba7 30. Nb3 Bb6 31. Kd2 Nac5 32. Kc2 Kf7 33.
Nfd2 Ke6 34. Nc1 f5 35. f3 fxe4 36. fxe4 Bd8 37. Nc4 Be7 38. Ne2 Nf6 39. Bxc5
Bxc5 40. h3 Nh5 41. Kb3 g5 42. Ka4 Nf4 43. Nxf4+ exf4 44. Nd2 h5 45. Kb5 Ba7
46. Ka6 Bc5 47. Nb3 Kd6 48. Kb5 g4 49. hxg4 hxg4 50. Kc4 f3 51. g3 Ba7 52. Nd2
Bb6 53. Nf1 Ke5 54. Nh2 Bc7 55. Nxg4+ Ke6 56. Nh2 f2 57. Nf1 Be5 58. Kb3 Kf6
59. Kc2 Kg5 60. Kd1 Kg4 61. Ke2 Bxg3 62. Nxg3 Kxg3 63. Kf1 Kf3 64. e5 Ke3 65.
e6 Kxd3 66. e7 Kc2 67. e8=Q d3 68. Qe4 Kc3 69. Kxf2 d2 70. Ke2 Kb2 71. Kxd2 Ka1
72. Kc2 1-0

[Event "Open Letni Praha 2017 - A"]
[Site "Praha"]
[Date "2017.08.10"]
[Round "8"]
[White "Fraczek, Dariusz"]
[Black "Davies, Peter"]
[Result "1-0"]
[WhiteElo "2104"]
[BlackElo "1966"]
[PlyCount "51"]
[EventDate "2017.08.04"]

1. d4 Nf6 2. Bg5 Ne4 3. Bf4 d5 4. e3 e6 5. Bd3 Nf6 6. Nf3 Be7 7. Ne5 a6 8. Nd2
c5 9. c3 Nc6 10. O-O Qb6 11. Rb1 Nd7 12. Nxd7 Bxd7 13. dxc5 Bxc5 14. e4 O-O 15.
exd5 exd5 16. Qh5 g6 17. Qxd5 Be6 18. Qf3 f5 19. Rbe1 Bf7 20. Nc4 Qd8 21. b3
Rc8 22. Qg3 b5 23. Nd6 Bxd6 24. Bxd6 Re8 25. Bxf5 Qf6 26. Bxc8 1-0

[Event "Open Letni Praha 2017 - A"]
[Site "Praha"]
[Date "2017.08.10"]
[Round "8"]
[White "Zanikov, Konstantin"]
[Black "Lindblom, Roar"]
[Result "0-1"]
[WhiteElo "2083"]
[BlackElo "1904"]
[PlyCount "38"]
[EventDate "2017.08.04"]

1. e4 e5 2. Nf3 Nc6 3. d4 exd4 4. Nxd4 Nf6 5. Nxc6 bxc6 6. Bd3 d5 7. e5 Ng4 8.
O-O Bc5 9. Bf4 f6 10. h3 fxe5 11. Bxe5 Nxe5 12. Qh5+ Nf7 13. Re1+ Be7 14. Nd2
Kf8 15. Re3 g6 16. Qf3 Kg7 17. Rae1 Bg5 18. R3e2 Bxd2 19. Rxd2 Qf6 0-1

[Event "Open Letni Praha 2017 - A"]
[Site "Praha"]
[Date "2017.08.10"]
[Round "8"]
[White "Nguyen, Thai Dai Vinh"]
[Black "Zoldan, Matteo"]
[Result "0-1"]
[WhiteElo "1857"]
[BlackElo "2082"]
[PlyCount "22"]
[EventDate "2017.08.04"]

1. e4 c5 2. Nf3 e6 3. d4 cxd4 4. Nxd4 a6 5. Nc3 Qc7 6. Bd3 b5 7. a3 Bb7 8. Be3
Nf6 9. f3 Nc6 10. O-O Bc5 11. Be2 Qb6 0-1

[Event "Open Letni Praha 2017 - A"]
[Site "Praha"]
[Date "2017.08.10"]
[Round "8"]
[White "Malinovsky, Petr"]
[Black "Hu, Zhiheng"]
[Result "0-1"]
[WhiteElo "2057"]
[BlackElo "1829"]
[PlyCount "66"]
[EventDate "2017.08.04"]

1. d4 d5 2. c4 c6 3. Nc3 Nf6 4. Nf3 e6 5. Bg5 dxc4 6. e4 b5 7. e5 h6 8. Bh4 g5
9. Nxg5 hxg5 10. Bxg5 Nbd7 11. exf6 Bb7 12. a4 a6 13. Be2 Nxf6 14. Bf3 Bg7 15.
axb5 axb5 16. Nxb5 cxb5 17. Bxb7 Rxa1 18. Qxa1 O-O 19. O-O Qxd4 20. Rd1 Qe5 21.
Bd2 Nd5 22. Bxd5 exd5 23. Bc3 Qf5 24. Bxg7 Kxg7 25. b3+ Kg8 26. h3 Re8 27. Rxd5
Re5 28. Rd1 Re2 29. f4 cxb3 30. Qa8+ Kh7 31. Kf1 Ra2 32. Qd5 Qxd5 33. Rxd5 b2
0-1

[Event "Open Letni Praha 2017 - A"]
[Site "Praha"]
[Date "2017.08.10"]
[Round "8"]
[White "Sura, Jaroslav"]
[Black "Aroven, Mikael"]
[Result "1-0"]
[WhiteElo "2018"]
[BlackElo "2175"]
[PlyCount "83"]
[EventDate "2017.08.04"]

1. e4 c5 2. Nc3 e6 3. f4 Nc6 4. Nf3 d6 5. g3 g6 6. Bg2 Bg7 7. d3 Nge7 8. O-O b6
9. a4 a6 10. Ne2 e5 11. c3 O-O 12. d4 Bg4 13. d5 Nb8 14. c4 Nd7 15. Ra3 Bxf3
16. Bxf3 Ra7 17. Kh1 Rb7 18. Rb3 Nc8 19. f5 Na7 20. h4 Bf6 21. Bh6 Re8 22. fxg6
hxg6 23. Rf2 Bg7 24. Qc1 Qe7 25. Bg4 Bxh6 26. Qxh6 Nf8 27. Rbf3 b5 28. Rxf7
Qxf7 29. Rxf7 Rxf7 30. h5 Rf6 31. Bf5 Re7 32. Kg2 Ref7 33. hxg6 Nxg6 34. Bxg6
Rg7 35. Bh7+ Kf7 36. Qh5+ Ke7 37. Bf5 bxa4 38. Qh8 Rgf7 39. Qb8 Nb5 40. cxb5
axb5 41. Qxb5 Kf8 42. Nc3 1-0

[Event "Open Letni Praha 2017 - A"]
[Site "?"]
[Date "2017.08.11"]
[Round "9"]
[White "Mammadov, Zaur"]
[Black "Brokken, Dennis"]
[Result "1-0"]
[WhiteElo "2424"]
[BlackElo "2401"]
[PlyCount "103"]
[EventDate "2017.??.??"]
[WhiteClock "0:41:46"]
[BlackClock "0:39:33"]

1. e4 c5 2. c3 Nf6 3. e5 Nd5 4. Nf3 Nc6 5. Bc4 Nb6 6. Bb3 d5 7. exd6 Qxd6 8.
O-O Bf5 9. d4 e6 10. Be3 c4 11. Bc2 Bxc2 12. Qxc2 Be7 13. Nbd2 O-O 14. Rfe1 Qd5
15. Bf4 Bd6 16. Ng5 g6 17. Bxd6 Qxd6 18. Qe4 Kg7 19. Qh4 h6 20. Nge4 Qd8 21.
Qg3 Qd5 22. Qf4 Nd7 23. Nf1 e5 24. Ne3 Qe6 25. dxe5 Ndxe5 26. Nc5 Qf6 27. Qxf6+
Kxf6 28. f4 Nd3 29. Nd5+ Kg7 30. Nxd3 cxd3 31. Re3 Rfe8 32. Kf2 Rxe3 33. Nxe3
Rd8 34. Ke1 g5 35. g3 gxf4 36. gxf4 Ne7 37. Kd2 Ng6 38. Rf1 Kf6 39. c4 Rd4 40.
Kc3 Rd8 41. Nd5+ Kf5 42. Kxd3 Kg4 43. Kd4 Kh3 44. Rf2 f5 45. a4 Re8 46. b4 Nh4
47. c5 Ng2 48. b5 Kxh2 49. c6 bxc6 50. bxc6 h5 51. c7 h4 52. Rc2 1-0